[Event "the leisure version for good players over 2300"]
[Site "SchemingMind.com"]
[Date "2019.07.01"]
[Round "-"]
[White "Robert Bruce"]
[Black "frankly"]
[Result "1-0"]
[WhiteCountry "SCO"]
[BlackCountry "ENG"]
[WhiteElo "2421"]
[WhiteRD "68"]
[BlackElo "2601"]
[BlackRD "74"]
[GameID "443016"]

1. c4 e5 2. g3 Nf6 3. Bg2 d5 4. cxd5 Nxd5 5. Nc3 Nb6 6. Nf3 Nc6 7. O-O Be7 8. a3 O-O 9. b4 Be6 10. Rb1 f6
11. d3 a5 12. b5 Nd4 13. Nd2 Qc8 14. e3 Nf5 15. Bb2 Rd8 16. Qc2 Nd6 17. Rfc1 a4 18. Nde4 Bb3 19. Qe2 Nf5 20. h4 Bf7
21. Nd2 h6 22. Nc4 Nxc4 23. dxc4 c6 24. Ne4 Nd6 25. Nxd6 Bxd6 26. Rd1 Kh8 27. Rbc1 c5 28. Be4 Ra7 29. Rc2 Be7 30. Rxd8+ Bxd8
31. Rd2 b6 32. Bd5 Bg8 33. Bxg8 Kxg8 34. e4 Be7 35. Kg2 Kh7 36. Rd5 Qe6 37. Qf3 Kg8 38. Bc1 Kf7 39. Qh5+ Kf8 40. Be3 Bd6
41. Qf3 Ra8 42. Kf1 Be7 43. Kg1 Ra7 44. Kg2 Rd7 45. Qh5 Ra7 46. Qe2 Ke8 47. g4 Ra8 48. Qd1 Bd8 49. g5 Bc7 50. gxh6 gxh6
51. h5 Ke7 52. Qf3 Rg8+ 53. Kf1 Qg4 54. Qh1 Rh8 55. f3 Qg7 56. Ke2 Rd8 57. Bg1 Qf7 58. Bf2 Qg8 59. Bh4 Qe6 60. Bf2 Qg8
61. Be3 Qg7 62. Rxd8 Bxd8 63. Qh3 Qf7 64. Kd3 Qg7 65. Kc3 Kf7 66. Qd7+ Be7 67. Qd5+ Ke8 68. Qa8+ Bd8 69. Qxa4 Qf7 70. Qc2 Qxh5
71. Qg2 Qh4 72. Bd2 Kf7 73. Kb2 h5 74. a4 f5 75. exf5 Qf6 76. Qh3 h4 77. Qg4
1-0

[Event "the leisure version for good players over 2300"]
[Site "SchemingMind.com"]
[Date "2019.07.01"]
[Round "-"]
[White "frankly"]
[Black "William Lindberg"]
[Result "0-1"]
[WhiteCountry "ENG"]
[BlackCountry "USA"]
[WhiteElo "2631"]
[WhiteRD "69"]
[BlackElo "2488"]
[BlackRD "67"]
[GameID "443017"]

1. d4 d5 2. Nf3 e6 3. c4 Nf6 4. Nc3 Bb4 5. Bg5 O-O 6. e3 Nbd7 7. cxd5 Bxc3+ 8. bxc3 exd5 9. a4 c5 10. a5 c4
11. Nd2 h6 12. Bh4 Re8 13. Be2 Nf8 14. Qb1 Ng6 15. Bg3 Ne7 16. Be5 Nd7 17. Bg3 Nf6 18. O-O Nc6 19. Qb5 a6 20. Qc5 Be6
21. Rfc1 Rc8 22. Rcb1 Qd7 23. Bd1 Bf5 24. Rb2 Re6 25. h3 Bd3 26. Raa2 Rce8 27. Ba4 Nh5 28. Bh2 Rg6 29. Bd1 Qxh3 30. Bf3 Nf6
31. Rxb7 Be4 32. Bg3 Qe6 33. Qd6 Qxd6 34. Bxd6 Bxf3 35. Nxf3 Ne4 36. Bb4 Nxb4 37. cxb4 Rge6 38. Ne5 f5 39. Kf1 Nd6 40. Rb6 Nc8
41. Rb7 Nd6 42. Rc7 Nb5 43. Rc5 Rd6 44. g3 Nc3 45. Rc2 Nb5 46. Rc1 Rb8 47. Ke2 Rb7 48. Kd2 Kh7 49. Rh1 Na3 50. Ra1 Nb5
51. Kc2 g6 52. g4 f4 53. Rd1 Rb8 54. g5 h5 55. Kb1 Nc3+ 56. Kc1 Nxd1 57. Kxd1 h4 58. Ke2 Rf8 59. exf4 Rxf4 60. Ke3 Re4+
61. Kf3 Rxd4 62. Rc7+ Kg8 63. Kg2 Rf4 64. Nf3 Kf8 65. Ne5 Ke8 66. Nf3 Kd8 67. Rc5 Ke7 68. Rc7+ Ke6 69. Ng1 Rg4+ 70. Kh2 Rxg5
71. Rc5 Rf5 72. f4 Rxf4 73. Kg2 Ke5
0-1

[Event "the leisure version for good players over 2300"]
[Site "SchemingMind.com"]
[Date "2019.07.01"]
[Round "-"]
[White "William Lindberg"]
[Black "frankly"]
[Result "0-1"]
[WhiteCountry "USA"]
[BlackCountry "ENG"]
[WhiteElo "2488"]
[WhiteRD "67"]
[BlackElo "2631"]
[BlackRD "69"]
[GameID "443018"]

1. e4 e5 2. Nf3 Nc6 3. Bb5 a6 4. Bxc6 dxc6 5. O-O Bg4 6. h3 h5 7. d3 Qf6 8. Be3 Bxf3 9. Qxf3 Qxf3 10. gxf3 Bd6
11. Nd2 Ne7 12. Nc4 Ng6 13. Kg2 Be7 14. Rad1 Nh4+ 15. Kg3 g5 16. Nxe5 Rg8 17. d4 Bd6 18. Bd2 f6 19. f4 gxf4+ 20. Kxh4 fxe5
21. Rg1 Kf7 22. Rxg8 Rxg8 23. Kxh5 exd4 24. c3 c5 25. Bc1 dxc3 26. bxc3 Rg2 27. h4 Ke6 28. Rd2 f3 29. Rd5 Rxf2 30. Kg4 Rxa2
31. Kxf3 Rc2 32. Be3 a5 33. c4 a4 34. Bxc5 Rc3+ 35. Kf2 Rxc4 36. Bxd6 Rxe4 37. Rd3 cxd6 38. Rh3 a3 39. Rxa3 Rxh4 40. Rb3 Rh7
41. Rb5 Re7 42. Kf3 d5 43. Ke3 Kd6+ 44. Kd4 Re4+ 45. Kc3 Kc6 46. Ra5 b6 47. Ra8 d4+ 48. Kd3 Rf4 49. Rc8+ Kd5 50. Rd8+ Kc5
51. Rc8+ Kb4 52. Rc1 b5 53. Ra1 Rf3+ 54. Kxd4 Ra3 55. Rh1 Ka4 56. Rc1 b4 57. Kc4 Ra2 58. Kd3 b3 59. Kc3 Ka3 60. Rh1 Rc2+
61. Kd3 Ka2 62. Rh5 b2 63. Ra5+ Kb1 64. Rh5 Rc6 65. Rf5 Ra6 66. Rb5 Ka2 67. Kc2 b1=Q+ 68. Rxb1 Rc6+ 69. Kd3 Kxb1
0-1

[Event "the leisure version for good players over 2300"]
[Site "SchemingMind.com"]
[Date "2019.07.04"]
[Round "-"]
[White "frankly"]
[Black "Keithk"]
[Result "0-1"]
[WhiteCountry "ENG"]
[BlackCountry "ENG"]
[WhiteElo "2636"]
[WhiteRD "75"]
[BlackElo "2555"]
[BlackRD "73"]
[GameID "443019"]

1. e4 e5 2. Nf3 Nc6 3. Bb5 a6 4. Ba4 Nf6 5. O-O Be7 6. Re1 b5 7. Bb3 O-O 8. c3 d5 9. exd5 Nxd5 10. Nxe5 Nxe5
11. Rxe5 c6 12. d4 Bd6 13. Re1 Qh4 14. g3 Qh3 15. Qd3 Bg4 16. Qf1 Qh5 17. Nd2 Rae8 18. Rxe8 Rxe8 19. f3 Bh3 20. Qf2 Bf5
21. Nf1 Qg6 22. Bxd5 cxd5 23. Ne3 h5 24. Ng2 Bd3 25. Be3 b4 26. cxb4 Bxb4 27. a3 Ba5 28. Bc1 Re2 29. Nf4 Rxf2 30. Nxg6 Rf1+
31. Kg2 fxg6
0-1

[Event "the leisure version for good players over 2300"]
[Site "SchemingMind.com"]
[Date "2019.07.04"]
[Round "-"]
[White "Keithk"]
[Black "frankly"]
[Result "1/2-1/2"]
[WhiteCountry "ENG"]
[BlackCountry "ENG"]
[WhiteElo "2601"]
[WhiteRD "72"]
[BlackElo "2596"]
[BlackRD "76"]
[GameID "443020"]

1. d4 Nf6 2. c4 e6 3. Nf3 d5 4. Nc3 c6 5. Bg5 h6 6. Bh4 dxc4 7. e4 g5 8. Bg3 b5 9. Be2 Bb7 10. h4 g4
11. Ne5 Nbd7 12. Nxd7 Qxd7 13. Be5 Qe7 14. O-O Rg8 15. b3 b4 16. Na4 c3 17. a3 Nd7 18. Bg3 a5 19. Qc2 h5 20. Rfd1 Bh6
21. Bc4 Rg6 22. e5 Rd8 23. Bd3 Rg8 24. axb4 axb4 25. Qe2 Kf8 26. Bc2 c5 27. Qb5 Rb8 28. Nxc5 Nxc5 29. dxc5 Qe8 30. Qxe8+ Kxe8
31. Rd4 Bd5 32. Ra7 Ra8 33. Rxa8+ Bxa8 34. Rxb4 Kd7 35. Bf4 Bxf4 36. Rxf4 Bd5 37. Kf1 g3 38. f3 Ra8 39. Rxf7+ Kc6 40. Ke2 Kxc5
41. Kd3 Ra1 42. Kxc3 Rg1 43. b4+ Kb6 44. Be4 Bxe4 45. fxe4 Rxg2 46. Rf6 Rg1 47. Rxe6+ Kb5 48. Rg6 g2 49. Kb2 Re1 50. Rxg2 Kxb4
51. Rg5 Rxe4 52. Rxh5 Re2+ 53. Kc1 Kc4 54. Kd1=
1/2-1/2

[Event "the leisure version for good players over 2300"]
[Site "SchemingMind.com"]
[Date "2019.07.05"]
[Round "-"]
[White "frankly"]
[Black "Corax"]
[Result "1/2-1/2"]
[WhiteCountry "ENG"]
[BlackCountry "SWE"]
[WhiteElo "2631"]
[WhiteRD "69"]
[BlackElo "2419"]
[BlackRD "89"]
[GameID "443021"]

1. d4 Nf6 2. c4 e6 3. Nf3 d5 4. Nc3 Bb4 5. Bg5 h6 6. Bxf6 Qxf6 7. e3 O-O 8. Rc1 dxc4 9. Bxc4 c5 10. O-O cxd4
11. Nxd4 Bd7 12. Ne4 Qe7 13. Bb3 Nc6 14. a3 Nxd4 15. Qxd4 Ba5 16. Ba4 Rfd8=
1/2-1/2

[Event "the leisure version for good players over 2300"]
[Site "SchemingMind.com"]
[Date "2019.07.01"]
[Round "-"]
[White "Corax"]
[Black "frankly"]
[Result "1/2-1/2"]
[WhiteCountry "SWE"]
[BlackCountry "ENG"]
[WhiteElo "2443"]
[WhiteRD "77"]
[BlackElo "2636"]
[BlackRD "75"]
[GameID "443022"]

1. d4 Nf6 2. Nf3 d5 3. c4 e6 4. g3 dxc4 5. Bg2 a6 6. Ne5 Bb4+ 7. Nc3 Nd5 8. O-O O-O 9. Bd2 Nc6 10. Nxd5 Bxd2
11. Nxc6 bxc6 12. Nxc7 Qxc7 13. Qxd2 e5 14. Qc3 exd4 15. Qxc4 Qe5 16. Bxc6 Rb8 17. b3 Rd8 18. Rfe1 g6 19. Rac1 Kg7 20. Bf3 Rb6
21. Qc5 Qf6 22. Red1 Rbd6 23. h4 h6 24. Rd2 d3 25. Kg2 Bf5 26. Qc3 dxe2 27. Qxf6+ Kxf6 28. Rxe2 g5 29. hxg5+ hxg5 30. g4 Be6
31. Rc5 Rb8 32. Rec2 Rd4 33. Kg3 Rb5 34. Rc6 a5 35. Ra6 Re5 36. Rc4 Rxc4 37. bxc4 Rc5 38. Bd5 Ke7 39. Bxe6 fxe6 40. f3 e5
41. Ra8 Kf6 42. Ra6+ Kf7 43. Kf2 e4 44. fxe4 Rxc4=
1/2-1/2

[Event "the leisure version for good players over 2300"]
[Site "SchemingMind.com"]
[Date "2019.11.06"]
[Round "-"]
[White "Apocalypse"]
[Black "Matthew Bailey"]
[Result "0-1"]
[WhiteCountry "USA"]
[BlackCountry "ENG"]
[WhiteElo "2243"]
[WhiteRD "91"]
[BlackElo "2489"]
[BlackRD "59"]
[GameID "447539"]

1. e4 c5 2. Ne2 Nf6 3. Nbc3 d5 4. exd5 Nxd5 5. g3 Nxc3 6. Nxc3 h5 7. d3 Bg4 8. f3 Bd7 9. Bg2 Nc6 10. Bg5 Qb6
11. O-O Nd4 12. Nd5 Qd6 13. Nc3 Nf5 14. a4 h4 15. g4 h3 16. Bh1 Ng3
0-1

[Event "the leisure version for good players over 2300"]
[Site "SchemingMind.com"]
[Date "2019.11.06"]
[Round "-"]
[White "Matthew Bailey"]
[Black "Apocalypse"]
[Result "1-0"]
[WhiteCountry "ENG"]
[BlackCountry "USA"]
[WhiteElo "2489"]
[WhiteRD "59"]
[BlackElo "2243"]
[BlackRD "91"]
[GameID "447540"]

1. d4 Nf6 2. Nf3 d5 3. c4 c6 4. Nc3 a6 5. c5 g6 6. Bg5 h6 7. Bxf6 exf6 8. e3 Bg4 9. Qb3 Qc7 10. h3 Bxf3
11. gxf3 Nd7 12. e4 Bg7 13. O-O-O Rb8 14. exd5 O-O 15. h4
1-0

[Event "the leisure version for good players over 2300"]
[Site "SchemingMind.com"]
[Date "2019.11.02"]
[Round "-"]
[White "frankly"]
[Black "Matthew Bailey"]
[Result "1-0"]
[WhiteCountry "ENG"]
[BlackCountry "ENG"]
[WhiteElo "2615"]
[WhiteRD "72"]
[BlackElo "2424"]
[BlackRD "62"]
[GameID "447541"]

1. d4 Nf6 2. c4 c5 3. d5 g6 4. Nc3 Bg7 5. e4 d6 6. Nf3 O-O 7. h3 e6 8. Bd3 exd5 9. exd5 Re8+ 10. Be3 a6
11. O-O Nbd7 12. Bg5 b5 13. cxb5 Bb7 14. Qd2 Qc8 15. Rae1 Nb6 16. Rxe8+ Qxe8 17. a4 c4 18. Re1 Qd7 19. bxa6 Bxa6 20. Bxf6 Bxf6
21. Bc2 Bb7 22. h4 Qc7 23. h5 Nd7 24. Qf4 Rf8 25. h6 Qb6 26. Qxc4 Ne5 27. Nxe5 Bxe5 28. Qb3 Qxb3 29. Bxb3 Ba6 30. Re4 Rc8
31. f4 Bf6 32. Rb4 Kf8 33. Ne4 Bxb2 34. Kh2 Bd3 35. Ng5 Bc3 36. Rb6 f6 37. Ne6+ Kf7 38. Rb7+ Kg8 39. Rd7 Rb8 40. Rxd6 Rxb3
41. Rd8+ Kf7 42. Rd7+ Ke8 43. Rxh7 g5 44. Rh8+ Kf7 45. h7 Kg6 46. d6 Bf5 47. d7 Ba5 48. Nc5 Rb1 49. Ra8 Kxh7 50. Rxa5 Rd1
51. fxg5 Kg6 52. gxf6 Bxd7 53. Nxd7 Rxd7 54. f7 Rxf7 55. g3 Kf6 56. g4 Rc7 57. g5+ Kg7 58. Kg3 Rc4 59. Ra6 Rd4 60. a5 Ra4
61. g6 Kh6 62. Kf3 Kg7 63. Ke3 Kf8 64. Ra8+
1-0

[Event "the leisure version for good players over 2300"]
[Site "SchemingMind.com"]
[Date "2019.11.02"]
[Round "-"]
[White "Matthew Bailey"]
[Black "frankly"]
[Result "1/2-1/2"]
[WhiteCountry "ENG"]
[BlackCountry "ENG"]
[WhiteElo "2424"]
[WhiteRD "62"]
[BlackElo "2615"]
[BlackRD "72"]
[GameID "447542"]

1. d4 Nf6 2. c4 e6 3. g3 d5 4. Bg2 dxc4 5. Nf3 c6 6. Ne5 c5 7. Be3 Nd5 8. O-O Nd7 9. Nc3 Nxe3 10. fxe3 Nxe5
11. dxe5 Be7 12. Qxd8+ Bxd8 13. Nb5 O-O 14. a4 Bg5 15. Ra3 Bd7 16. Rc1 Rab8 17. Rxc4 a6 18. Nd6 b6 19. Rd3 Be8 20. Kf2 b5
21. Rxc5 bxa4 22. h4 Bd8 23. Rd2 Bb5 24. Bf3 Ba5 25. Rd1 Rfd8 26. Bb7 Bb4 27. Rc7 h6 28. Rd4 Ba5 29. Re7 Rf8 30. Rf4 g5
31. Rfxf7 Rxf7+ 32. Rxf7 Bc3 33. bxc3 a3 34. hxg5 hxg5 35. Bxa6 Bxa6 36. Ra7 Rb6 37. Ne8 a2 38. Nf6+ Kf8 39. Nd7+ Ke8 40. Nxb6 a1=Q
41. Na8 Qb1 42. Nc7+ Kf7 43. Nxa6+ Kg6 44. Rd7 Qf5+ 45. Kg2 Qg4 46. Kf2 Qf5+ 47. Kg2 Qe4+ 48. Kf2 Qxe5 49. Rd3 Kh5 50. e4 Kg4
51. Ke1 Qa5 52. Nb4 Kh3 53. Kd2 Qa1 54. Re3 Qb2+ 55. Kd1 Qb1+ 56. Kd2 Qb2+ 57. Kd1 Kh2 58. Nc2 Qa2 59. e5 Kh3 60. Ne1 Qb3+
61. Kd2 Qb2+=
1/2-1/2

[Event "the leisure version for good players over 2300"]
[Site "SchemingMind.com"]
[Date "2019.11.05"]
[Round "-"]
[White "Robert Bruce"]
[Black "Matthew Bailey"]
[Result "1-0"]
[WhiteCountry "SCO"]
[BlackCountry "ENG"]
[WhiteElo "2410"]
[WhiteRD "64"]
[BlackElo "2478"]
[BlackRD "60"]
[GameID "447543"]

1. d4 Nf6 2. Nf3 g6 3. Bg5 Bg7 4. Nbd2 h6 5. Bh4 d6 6. e4 O-O 7. c3 c5 8. Be2 cxd4 9. Nxd4 Nc6 10. O-O d5
11. Nxc6 bxc6 12. e5 Ne4 13. Nxe4 dxe4 14. Qc2 g5 15. Bg3 Bf5 16. e6 Bxe6 17. Qxe4 Bd5 18. Qf5 e6 19. Qc2 f5 20. f3 c5
21. Rad1 Qa5 22. c4 Bb7 23. a3 Rad8 24. Bf2 Rxd1 25. Rxd1 Rf7 26. Qd2 Qxd2 27. Rxd2 Bf8 28. Rd8 Kg7 29. Be1 Be7 30. Bc3+ Bf6
31. Bxf6+ Kxf6 32. b4 h5 33. Kf2 h4 34. h3 Ke5 35. Ke3 Kf6 36. Rh8 Rg7 37. Rh6+ Ke5 38. Rh5 Kf6 39. Rh8 Kf7 40. b5 Ke7
41. Rh6 Kd6 42. Kd2 Ke5 43. Ke3 a6 44. a4 a5 45. Bd3 Bc8 46. Rh5 Kd6 47. Bb1 Kc7 48. Bd3 Kb6 49. Bf1 Kc7 50. Rh6 Kd6
51. Rh8 Bb7 52. Bd3 Kc7 53. Rh6 f4+ 54. Kd2 Kd7 55. Bh7 Kd8 56. Bd3 Kd7 57. Kc3 Ke7 58. Bg6 Kd8 59. Bh5 e5 60. Rh8+ Kc7
61. Rh6 e4 62. fxe4 Bxe4 63. Bf3 Bxf3 64. gxf3 Re7 65. Rc6+ Kb7 66. Rxc5
1-0

[Event "the leisure version for good players over 2300"]
[Site "SchemingMind.com"]
[Date "2019.11.06"]
[Round "-"]
[White "Matthew Bailey"]
[Black "Robert Bruce"]
[Result "1-0"]
[WhiteCountry "ENG"]
[BlackCountry "SCO"]
[WhiteElo "2492"]
[WhiteRD "65"]
[BlackElo "2384"]
[BlackRD "68"]
[GameID "447544"]

1. d4 d5 2. Nf3 Nf6 3. c4 c6 4. Nc3 dxc4 5. a4 Bf5 6. e3 e6 7. Bxc4 a5 8. O-O Nbd7 9. Qe2 Bb4 10. e4 Bg6
11. Bd3 h6 12. Rd1 Qe7 13. e5 Nd5 14. Bxg6 fxg6 15. Bd2 O-O 16. Ne4 Ra6 17. Bxb4 axb4 18. g3 N7b6 19. Nc5 Ra7 20. a5 Nd7
21. Nb3 g5 22. Nfd2 Qf7 23. h3 Qf5 24. Kg2 h5 25. Ne4 h4 26. Re1 b6 27. a6 Nb8 28. Nbd2 Nd7 29. Qg4 hxg3 30. Kxg3 Ne7
31. Nf3 Rfa8 32. Nexg5 Nf8 33. Qh5 Qc2 34. Ne4 Nd5 35. Kh2 Qxb2 36. Rab1 Qa2 37. Nfg5 Qc4 38. Nf6+ Nxf6 39. exf6 g6 40. Qh4 Rd8
41. Qg3 Qd5 42. Rxb4 Qd6 43. Rxb6 Qxg3+ 44. Kxg3 Rd5 45. Nxe6 Nxe6 46. Rxe6 Kf7 47. Rexc6 Rg5+ 48. Kf4 Ra5 49. Rd6 Rc7 50. Rd8 Rf5+
51. Kg4 Rxf2 52. Rb7
1-0

[Event "the leisure version for good players over 2300"]
[Site "SchemingMind.com"]
[Date "2019.11.02"]
[Round "-"]
[White "William Lindberg"]
[Black "Matthew Bailey"]
[Result "1-0"]
[WhiteCountry "USA"]
[BlackCountry "ENG"]
[WhiteElo "2482"]
[WhiteRD "63"]
[BlackElo "2424"]
[BlackRD "62"]
[GameID "447545"]

1. e4 c5 2. Nf3 d6 3. Bb5+ Nd7 4. c4 Nf6 5. O-O g6 6. Nc3 Bg7 7. d3 O-O 8. Ba4 Nb6 9. Bc2 h6 10. Bd2 Kh7
11. h3 Nbd7 12. Be3 e5 13. a3 Ne8 14. b4 b6 15. Re1 a5 16. bxc5 bxc5 17. Rb1 Nc7 18. Ba4 Ra6 19. Nd5 Ra7 20. Bc1 f5
21. exf5 gxf5 22. Nxc7 Rxc7 23. Qe2 Nf6 24. Bd2 Ra7 25. Rb3 Ng8 26. Kh2 Ne7 27. Reb1 Ng6 28. Rb6 Qf6 29. Bc3 Qd8 30. Bd2 Qf6
31. Bc6 a4 32. Ng1 Ne7 33. Bf3 f4 34. Be4+ Bf5 35. Rb7 Rxb7 36. Rxb7 Ng6 37. Ra7 Nh4 38. Rxa4 Bxe4 39. dxe4 Rb8 40. Nf3 Nxf3+
41. Qxf3 Qf7 42. Ra6 Qxc4 43. Rxd6 Qf1 44. Re6 c4 45. Bb4 c3 46. Rc6 Rd8 47. Qg4 Qxf2 48. Bxc3 Kg8 49. a4 h5 50. Qe6+ Kh8
51. Qg6 Kg8 52. Rc7 Qg3+ 53. Qxg3 fxg3+ 54. Kxg3 Bf6 55. a5 Rd6 56. Kf3 Ra6 57. Ke2 Kf8 58. Kd3 Bd8 59. Rc5 Rg6 60. Rxe5 Rxg2
61. Kc4 Rg6 62. Bb4+ Kf7 63. Rf5+ Ke8 64. Rxh5 Kf7 65. Rh8 Bg5 66. Kd5 Kg7 67. Ra8
1-0

[Event "the leisure version for good players over 2300"]
[Site "SchemingMind.com"]
[Date "2019.11.03"]
[Round "-"]
[White "Matthew Bailey"]
[Black "William Lindberg"]
[Result "1/2-1/2"]
[WhiteCountry "ENG"]
[BlackCountry "USA"]
[WhiteElo "2424"]
[WhiteRD "62"]
[BlackElo "2482"]
[BlackRD "63"]
[GameID "447546"]

1. d4 Nf6 2. c4 e6 3. g3 d5 4. Nf3 Bb4+ 5. Bd2 Be7 6. Bg2 O-O 7. O-O Nbd7 8. a4 a5 9. Qc2 c6 10. Bf4 b6
11. cxd5 Nxd5 12. Nc3 Nxf4 13. gxf4 Bb7 14. e3 c5 15. Rad1 cxd4 16. Rxd4 Qc7 17. Rfd1 Rad8 18. Ng5 g6 19. Bxb7 Qxb7 20. Nce4 Nc5
21. Nxc5 bxc5 22. Rxd8 Bxd8 23. Ne4 Be7 24. b3 Rb8 25. Nd2 Bh4 26. Rf1 Rd8 27. Nc4 Rb8 28. Nd2 Rd8 29. Nc4 Bf6 30. Rd1 Rd5
31. f3 Qb4 32. Kf1 Kg7 33. Nd6 Kg8 34. Nc4 Kg7 35. Rd3 h6 36. Qd2 Qb8 37. Qc2 Qb4 38. Rd1 Bh4 39. Ke2 Bf6 40. Nd6 Rh5
41. Kf1 Be7 42. Ne4 Rd5 43. Ke2 Rh5 44. Rh1 Qb7 45. h3 Rd5 46. Rd1 Rh5 47. Nf2 Bh4 48. Ne4 Be7 49. Rh1 Qc7 50. Qc4 Kf8
51. Ng3 Rd5 52. Rd1 Rxd1 53. Kxd1 Kg8 54. Ke2 Qc8 55. Qc3 Qa6+ 56. Qd3 Qc8 57. Qb5 e5 58. fxe5 Kg7 59. Ne4 Qxh3 60. Qxa5 Qg2+
61. Nf2 Bh4 62. Qe1 Qh2 63. e6 fxe6 64. a5 g5 65. Kf1 Bxf2 66. Qxf2=
1/2-1/2

[Event "the leisure version for good players over 2300"]
[Site "SchemingMind.com"]
[Date "2019.11.06"]
[Round "-"]
[White "Keithk"]
[Black "Matthew Bailey"]
[Result "1-0"]
[WhiteCountry "ENG"]
[BlackCountry "ENG"]
[WhiteElo "2610"]
[WhiteRD "73"]
[BlackElo "2540"]
[BlackRD "61"]
[GameID "447547"]

1. e4 c5 2. Nf3 Nc6 3. d4 cxd4 4. Nxd4 Nf6 5. Nc3 e5 6. Ndb5 d6 7. Bg5 a6 8. Na3 b5 9. Nd5 Be7 10. Bxf6 Bxf6
11. c3 O-O 12. Nc2 Rb8 13. h4 g6 14. g3 Bg7 15. h5 Ne7 16. Nce3 Nxd5 17. Nxd5 Be6 18. Qd3 Qd7 19. O-O-O h6 20. f3 g5
21. Rh2 a5 22. Kb1 f5 23. Rhd2 f4 24. g4 Rfc8 25. Be2 Qa7 26. Rc1 Kh8 27. Bd1 Rc5 28. Bb3 Bf7 29. a3 Rbc8= 30. Ba2 Be6
31. Qf1 Ra8 32. Qg1 Bg8 33. Rd3 Qb7 34. Qd1 Qa7 35. Rd2 Bf7 36. Qg1 Bg8 37. Rcc2 Qb7 38. Qd1 Rc6 39. Qe2 Rc5 40. Qd3 Bf7
41. Qe2 Qa7 42. Rc1 Kh7= 43. Qe1 Kh8 44. Qf2 Qb7 45. Qe2 Rc6 46. Kc2 b4 47. Kd1 Rc5 48. Ke1 b3 49. Bb1 Ra7 50. Bd3 a4
51. Nb4 Bf8 52. Kf1 Be6 53. Rcd1 Raa5 54. Kg2 Kg7 55. Nd5 Qa8 56. Qf2 Qb7 57. Bb1 Ra8 58. Nb4 Rac8 59. Rd5 Bxd5 60. exd5 Kh8
61. Qe2 Ra5 62. Nc6 Raa8 63. Qe4 Qg7 64. c4 Re8 65. c5 Rec8 66. Kh1 Rc7 67. Bd3 Qf6 68. cxd6 Bxd6 69. Kg2 Qg7 70. Rc1 Rcc8
71. Rc4 Re8 72. Nb4 Rf8 73. Rc6 Rfd8 74. Rb6 Kg8 75. Nc6 Rd7 76. Nb4 Rdd8 77. Kh3 Kh8 78. Bb1 Rd7 79. Nd3 Re8 80. Ra6 Qf8
81. Qxa4 Red8 82. Qe4 Re8 83. Nb4
1-0

[Event "the leisure version for good players over 2300"]
[Site "SchemingMind.com"]
[Date "2019.11.06"]
[Round "-"]
[White "Matthew Bailey"]
[Black "Keithk"]
[Result "1/2-1/2"]
[WhiteCountry "ENG"]
[BlackCountry "ENG"]
[WhiteElo "2498"]
[WhiteRD "58"]
[BlackElo "2618"]
[BlackRD "72"]
[GameID "447548"]

1. d4 Nf6 2. c4 e6 3. Nf3 d5 4. Nc3 c6 5. e3 Nbd7 6. Qc2 Bd6 7. Bd3 O-O 8. O-O dxc4 9. Bxc4 b5 10. Bd3 Bb7
11. e4 e5 12. h3 exd4 13. Nxd4 Nc5 14. Rd1 Qc7 15. Bg5 Bh2+ 16. Kh1 Be5 17. Nf3 h6 18. Be3 Nxd3 19. Rxd3 b4 20. Na4 Nxe4
21. Nc5 Nxc5 22. Bxc5 Rfe8 23. Nxe5 Qxe5 24. Re3 Qh5 25. Rg3 a5 26. a3 Re5 27. axb4 axb4 28. Rxa8+ Bxa8 29. Bxb4 c5 30. Bd2 Be4
31. Qc3 Bg6 32. Re3 Rd5 33. Re8+ Kh7 34. Be3 Qd1+ 35. Kh2 Qa4 36. Rc8 Qa6 37. Rxc5 Qd6+ 38. f4 Be4 39. Rxd5 Qxd5 40. Qd2 Qc4
41. Qd4 Qc6 42. Qd2 Qc4 43. Qf2=
1/2-1/2

[Event "the leisure version for good players over 2300"]
[Site "SchemingMind.com"]
[Date "2019.11.06"]
[Round "-"]
[White "Corax"]
[Black "Matthew Bailey"]
[Result "0-1"]
[WhiteCountry "SWE"]
[BlackCountry "ENG"]
[WhiteElo "2320"]
[WhiteRD "71"]
[BlackElo "2498"]
[BlackRD "58"]
[GameID "447549"]

1. d4 Nf6 2. c4 c5 3. d5 g6 4. Nc3 d6 5. e4 Bg7 6. h3 O-O 7. Nf3 e6 8. Bd3 exd5 9. exd5 Re8+ 10. Be3 a6
11. a4 Bh6 12. O-O Bxe3 13. fxe3 Qe7 14. e4 Nbd7 15. a5 Rb8 16. Qd2 b6 17. axb6 Rxb6 18. Rae1 Rb8 19. e5 Nxe5 20. Nxe5 dxe5
21. Rf2 Nd7 22. g4 Rf8 23. Qh6 Rb6 24. Ne4 f6 25. Rg2 Kh8 26. Rf1 a5 27. h4 Rb3 28. Bc2 Rxb2 29. h5 Rg8 30. hxg6 Rxg6
31. Qc1 Rb6 32. g5 Rg7 33. Ba4 Rg6 34. Qc3 fxg5 35. Bxd7 Bxd7 36. Rgf2 Kg7
0-1

[Event "the leisure version for good players over 2300"]
[Site "SchemingMind.com"]
[Date "2019.11.06"]
[Round "-"]
[White "Matthew Bailey"]
[Black "Corax"]
[Result "1/2-1/2"]
[WhiteCountry "ENG"]
[BlackCountry "SWE"]
[WhiteElo "2489"]
[WhiteRD "59"]
[BlackElo "2485"]
[BlackRD "75"]
[GameID "447550"]

1. d4 d5 2. Nf3 Nf6 3. c4 e6 4. Nc3 Bb4 5. Qa4+ Nc6 6. e3 O-O 7. Bd2 dxc4 8. Bxc4 Bd6 9. Qc2 e5 10. dxe5 Nxe5
11. Nxe5 Bxe5 12. O-O-O Qe7 13. Kb1 c5 14. f4 Bxc3 15. Bxc3 b6 16. Rhe1 Bg4 17. Rd3 Ne4 18. Be5 Qh4 19. g3 Qh5 20. Ka1 Bf5
21. Qa4 Nf2 22. Rd2 Ne4 23. Rdd1 Nf2 24. Rd2 Ne4 25. Rdd1 Nf2=
1/2-1/2

[Event "the leisure version for good players over 2300"]
[Site "SchemingMind.com"]
[Date "2019.11.07"]
[Round "-"]
[White "frankly"]
[Black "Ramesh Panwar"]
[Result "1-0"]
[WhiteCountry "ENG"]
[BlackCountry "IND"]
[WhiteElo "2615"]
[WhiteRD "72"]
[BlackElo "2510"]
[BlackRD "73"]
[GameID "447680"]

1. e4 e5 2. Nf3 Nc6 3. Bb5 a6 4. Ba4 Nf6 5. O-O Be7 6. Re1 b5 7. Bb3 d6 8. c3 O-O 9. h3 h6 10. d4 Re8
11. Nbd2 Bf8 12. Nf1 exd4 13. cxd4 a5 14. a3 a4 15. Bc2 Na5 16. Ng3 Nc4 17. Nd2 Na5 18. Nf3 Nc4 19. Nd2 Na5 20. b4 axb3
21. Nxb3 Nxb3 22. Bxb3 c5 23. Bb2 c4 24. Bc2 g6 25. f4 Bb7 26. f5 Bg7 27. Qd2 Ra6 28. Qf2 Qb6 29. Kh1 g5 30. Qf3 Bc6
31. Rab1 Qa5 32. Re2 Rea8 33. Nh5 Nxh5 34. Qxh5 f6 35. e5 Be8 36. Qg4 dxe5 37. dxe5 c3 38. Bc1 fxe5 39. h4 gxh4 40. a4 b4
41. Rxb4 Qd8 42. Rxe5 Qf6 43. Ree4 Bf7 44. Be3 Rd6 45. Bd4 Qg5 46. Bxg7 Kxg7 47. Qf3 Bd5 48. Qxc3+ Qf6 49. Rg4+ Kf8 50. Qxf6+ Rxf6
51. Kh2 Rd6 52. Rgd4 Rad8 53. a5 Bxg2 54. Rxd6 Rxd6 55. Kxg2 Rd2+ 56. Kh3 Rxc2 57. Kxh4 Kg7 58. Ra4 Rc7 59. a6 Ra7= 60. Kg4 Kf6
61. Kf4 Kg7 62. Ke5 Kf7 63. f6
1-0

[Event "the leisure version for good players over 2300"]
[Site "SchemingMind.com"]
[Date "2019.11.07"]
[Round "-"]
[White "Ramesh Panwar"]
[Black "frankly"]
[Result "1/2-1/2"]
[WhiteCountry "IND"]
[BlackCountry "ENG"]
[WhiteElo "2510"]
[WhiteRD "73"]
[BlackElo "2615"]
[BlackRD "72"]
[GameID "447681"]

1. e4 c5 2. Nf3 Nc6 3. d4 cxd4 4. Nxd4 e5 5. Nb5 d6 6. c4 Be7 7. N5c3 Nf6 8. Be2 Be6 9. O-O a6 10. Be3 O-O
11. Na3 Rc8 12. Rc1 Re8 13. Nc2 Nb8 14. Nb4 Bxc4 15. Bxc4 Rxc4 16. Qb3 b5 17. Ncd5 Rxe4 18. Nxf6+ Bxf6 19. Nd5 Bg5 20. Rc7 Rf8
21. Qd3 Rc4 22. Bxg5 Qxg5 23. Rxc4 bxc4 24. Qxc4 Qd2 25. b4 g6 26. a3 Kg7 27. h3 Re8 28. a4 e4 29. Ne3 d5 30. Nxd5 Rd8
31. Nb6 Rd6 32. Qc5 Qd4 33. Qxd4+ Rxd4 34. Rc1 Nd7 35. Nxd7 Rxd7 36. Kf1= f5 37. Ke2 Rf7 38. Ke3 Rd7 39. Rc3 Rb7 40. Rb3 Kf6
41. Kd4 Rd7+ 42. Kc5 Ke5 43. g3 g5 44. b5 axb5 45. axb5 Rc7+ 46. Kb4 Rb7 47. Kc5 Rc7+ 48. Kb4 Kd6 49. b6 Rc2 50. Ka3 Rc8
51. Kb4 f4 52. gxf4 gxf4 53. b7 Re8 54. Kc3 Kc7 55. b8=Q+ Rxb8 56. Rxb8 Kxb8 57. Kd4 e3 58. fxe3 fxe3 59. Kxe3 Kc7 60. Kf4 Kd6
61. Kg5 Kd5 62. Kf5 Kc4 63. h4 Kc5 64. Kf6 Kd4 65. Kg7 h5 66. Kg6 Ke4 67. Kxh5 Kf5 68. Kh6 Kf6 69. Kh7 Kf5 70. h5 Kf6
71. h6 Kf7 72. Kh8 Kf8 73. h7 Kf7
1/2-1/2